<?xml version="1.0" encoding="UTF-8"?><?xml-stylesheet type="text/xsl" href="static/style.xsl"?><OAI-PMH xmlns="http://www.openarchives.org/OAI/2.0/" xmlns:xsi="http://www.w3.org/2001/XMLSchema-instance" xsi:schemaLocation="http://www.openarchives.org/OAI/2.0/ http://www.openarchives.org/OAI/2.0/OAI-PMH.xsd"><responseDate>2026-06-07T15:52:31Z</responseDate><request verb="GetRecord" identifier="oai:docta.ucm.es:20.500.14352/47547" metadataPrefix="marc">https://docta.ucm.es/rest/oai/request</request><GetRecord><record><header><identifier>oai:docta.ucm.es:20.500.14352/47547</identifier><datestamp>2023-09-15T21:53:33Z</datestamp><setSpec>com_20.500.14352_14</setSpec><setSpec>col_20.500.14352_22</setSpec></header><metadata><record xmlns="http://www.loc.gov/MARC21/slim" xmlns:dcterms="http://purl.org/dc/terms/" xmlns:xsi="http://www.w3.org/2001/XMLSchema-instance" xmlns:doc="http://www.lyncode.com/xoai" xsi:schemaLocation="http://www.loc.gov/MARC21/slim http://www.loc.gov/standards/marcxml/schema/MARC21slim.xsd">
   <leader>00925njm 22002777a 4500</leader>
   <datafield ind2=" " ind1=" " tag="042">
      <subfield code="a">dc</subfield>
   </datafield>
   <datafield ind2=" " ind1=" " tag="720">
      <subfield code="a">Gracia Mena, Miguel de</subfield>
      <subfield code="e">author</subfield>
   </datafield>
   <datafield ind2=" " ind1=" " tag="260">
      <subfield code="c">2010-11-26</subfield>
   </datafield>
   <datafield ind2=" " ind1=" " tag="520">
      <subfield code="a">El objeto de este trabajo es el estudio del proceso de esterificación de colofonia (ácidos resínicos) con glicerina (un polialcohol), tanto en ausencia (proceso térmico) como en presencia de catalizadores ácidos amfífilicos. Para ello, con el fin de seguir la evolución de la composición del medio de reacción, será necesario, en primer lugar, establecer un procedimiento experimental fiable, que permita obtener datos reproducibles. Esto incluye el diseño y montaje de varios equipos experimentales, como se justificará más adelante, así como establecer un procedimiento experimental, de hecho, dos, uno para una operación isoterma como otro de operación de temperatura en  rampa, para simular una operación industrial, y procedimientos de toma de muestras, conservación y análisis de las mismas. Asimismo, será necesario desarrollar nuevos sistemas de análisis que
permitan determinar la evolución de todas las especies químicas implicadas en dicho proceso. Según datos disponibles en bibliografía y los resultados
aportados por el grupo de investigación, que ya había abordado previamente este estudio, se utilizarán técnicas cromatográficas (GPC), en lugar de valoraciones ácido-base (comunes en la industria).</subfield>
   </datafield>
   <datafield ind1="8" ind2=" " tag="024">
      <subfield code="a">978-84-693-8345-2</subfield>
   </datafield>
   <datafield ind1="8" ind2=" " tag="024">
      <subfield code="a">https://hdl.handle.net/20.500.14352/47547</subfield>
   </datafield>
   <datafield ind2="0" ind1="0" tag="245">
      <subfield code="a">Esterificación de colofonia con glicerina: estudio cinético y fenomenológico</subfield>
   </datafield>
</record></metadata></record></GetRecord></OAI-PMH>